Cities by Former Name - Click Quiz - Statistics

General Stats
  • This quiz has been taken 181 times
  • The average score is 15 of 20
Answer Stats
Hint Answer % Correct
Constantinople Istanbul
97%
New Amsterdam New York
93%
Leningrad Saint Petersburg
92%
Saigon Ho Chi Minh City
87%
Danzig Gdańsk
86%
Edo Tokyo
85%
Tenochtitlán Mexico City
84%
Canton Guangzhou
76%
Madras Chennai
75%
Léopoldville Kinshasa
75%
Aquae Sulis Bath
73%
Breslau Wrocław
73%
Smyrna İzmir
72%
Batavia Jakarta
72%
Gorky Nizhny Novgorod
71%
Christiania Oslo
71%
Lutetia Paris
68%
Salisbury Harare
55%
Port Elizabeth Gqeberha
49%
Amoy Xiamen
38%
No matching quizzes found
Score Distribution
Percent of People with Each Score
Percentile by Number Answered
Your Score History
You have not taken this quiz